Най-великите личности на България (Запис номер 133047)
[ съкратено ]
| 000 -Лидер | |
|---|---|
| Контролно поле с фиксирана дължина | 02205nam a2200505 c 4500 |
| 003 - Код на организацията, давaща контролен номер | |
| Контролно поле | BLK |
| 005 - Дата и час на последна редакция | |
| Контролно поле | 20250606104043.0 |
| 008 - Елементи от данни с фиксирана дължина | |
| fixed length control field | 180409b bul|||||r ||||||| ||bul|| |
| 010 ## - Наследен системен номер | |
| LC control number | KNG00138936000 |
| 020 ## - Международен стандартен номер на книга ISBN | |
| Международен стандартен номер на книга ISBN | 978-954-657-789-4 |
| -- | издат.: ПАН |
| 040 ## - Източник на каталожния запис | |
| Идентификатор на билиотеката - собственик на записа | BLK |
| 041 ## - Код за език | |
| Код за езика на текст/звукозапис или на отделно заглавие | Български |
| Код за езика КДБФ | Български |
| 072 #7 - Код за тематичната категория | |
| Код организация | bullib |
| Код за тематична категория | Н92 |
| Текст | История Н |
| 080 ## - УДК | |
| Текстов определител УДК | История на България |
| УДК код - определител по УДК | 94(497.2) |
| УДК определител | (092)(02.053.2) |
| УДК - код + определител | 94(497.2)(092)(02.053.2) |
| 080 ## - УДК | |
| Текстов определител УДК | Биографии |
| УДК код - определител по УДК | 929 |
| УДК определител | (497.2) |
| УДК - код + определител | 929(497.2) |
| 100 ## - Редна дума - Автор | |
| Автор | Лалев, Цанко |
| Пълна форма на името | Дулев, Цанко Лалев |
| R(LIN) | 363801 |
| 139 ## - Редно поле | |
| Редна дума | Лалев, Цанко |
| Авторски знак | Лал - Л 17 |
| 245 10 - Сведения за заглавието | |
| Заглавие | Най-великите личности на България |
| Редно поле (дума) | Цанко Лалев; * Цанко Лалев Дулев; ил. Исай Пенчев Пенчев. |
| 257 ## - Страна на издаване | |
| Страна на създаване/издаване | България |
| 260 ## - Област на издателските данни | |
| -- | София |
| Име на издателя, разпространителя и проч. | ПАН |
| Година на издаване | 2009 |
| Печатница | София : Инвестпрес |
| 300 ## - Физическа характеристика | |
| Страници | 48 с. |
| Илюстрации и др. | с цв. ил. |
| Размери/Мащаб | 30 см |
| 380 ## - Жанр | |
| Жанр | Детска отраслова лит. |
| 490 1# - СЕРИИ (Колекции) | |
| Име на серия | Знаете ли... |
| 490 1# - СЕРИИ (Колекции) | |
| -- | Подсерия |
| Име на серия | Кой кой е? |
| 500 ## - Общи забележки | |
| Забележка | Пълното име на авт. е Цанко Лалев Дулев. - Други ил.: Пламена Тодорова, Веселин Шахънов, Олег Топалов. - Доп. тир. 2012. |
| 650 #4 - Допълнително описание по предмет – тема | |
| Основно описание – тема или топоним | Исторически личности - биографии |
| 9 (RLIN) | 291597 |
| 650 #4 - Допълнително описание по предмет – тема | |
| Основно описание – тема или топоним | Биографии |
| 9 (RLIN) | 148657 |
| 650 #4 - Допълнително описание по предмет – тема | |
| Основно описание – тема или топоним | Прочути личности, български |
| 9 (RLIN) | 261431 |
| 650 #7 - Допълнително описание по предмет – тема | |
| Основно описание – тема или топоним | История - България |
| Източник на редна или ключова дума | |
| 9 (RLIN) | 157745 |
| 651 #4 - Допълнително описание по предмет - топоним | |
| Географско понятие | България |
| 9 (RLIN) | 241624 |
| 653 ## - Ключова дума – ненормативна | |
| Ключова дума | исторически личности |
| 653 ## - Ключова дума – ненормативна | |
| Ключова дума | биографии |
| 653 ## - Ключова дума – ненормативна | |
| Ключова дума | българска история |
| 653 ## - Ключова дума – ненормативна | |
| Ключова дума | литература за деца |
| 653 ## - Ключова дума – ненормативна | |
| Ключова дума | детска литература |
| 659 ## - Тематичен бюлетин | |
| Тематичен бюлетин | Н |
| 700 1# - Други автори (авторска отговорност) | |
| Лично име | Дулев, Цанко Лалев |
| Автороска отговорност (Описва отношението между автора и произведението) | * |
| 9 (RLIN) | 365797 |
| 700 1# - Други автори (авторска отговорност) | |
| Лично име | Пенчев, Исай Пенчев |
| Автороска отговорност (Описва отношението между автора и произведението) | ил. |
| 9 (RLIN) | 368638 |
| 852 ## - Местоположение | |
| Форматна сигнатура | Цб ІІ 17686 |
| 856 4# - Електронен адрес и достъп | |
| Електронен формат | pdf - файл |
| Път до файла /url/ | |
| 856 4# - Електронен адрес и достъп | |
| Електронен формат | pdf - файл |
| Път до файла /url/ | |
| 942 ## - АРТИКУЛИ | |
| Вид на библиотечния материал | Книги |
| Скрит в OPAC | Не |
| Koha issues (borrowed), all copies | 12 |
| 944 ## - СЪЗДАВАНЕ И РЕДАКЦИЯ на ЗАПИСА | |
| Създаване/Редакция | Създаване |
| Дата на регистрацията/редакция | 05.02.2013 |
| Статус, дата на статуса | Грета Цуфелде |
| Служител, извършил регистрацията/редакцията | 30537 |
| 944 ## - СЪЗДАВАНЕ И РЕДАКЦИЯ на ЗАПИСА | |
| Създаване/Редакция | Редакция |
| Дата на регистрацията/редакция | 28.11.2016 |
| Статус, дата на статуса | ф / |
| Служител, извършил регистрацията/редакцията | Людмила_Стоянова |
| 999 ## - СИСТЕМНИ КОНТРОЛНИ НОМЕРА | |
| Koha biblionumber | 133047 |
| Koha biblioitemnumber | 133047 |
| Код за отписване | Код за изгубен артикул | Код за повреда | Коз за рестрикции | Код за отдаване | Артикулен № | Име на библиотеката - собственик | Име на библиотеката, в която се намира в момента | Статус (Текущо местоположение) | Дата на вписване в системата | Местоположение - отдел | Цена в лева | Инвентарен номер | Систематично азбучна сигнатура | Баркод | Номер на екземпляра | Цена в евро | Служебна бележка | Служебен тип на артикула |
|---|---|---|---|---|---|---|---|---|---|---|---|---|---|---|---|---|---|---|
| Не е изгубен | Не е повреден | без рестрикции | ползва се в читалня | 216980 | Регионална библиотека "Любен Каравелов" Русе | Регионална библиотека "Любен Каравелов" Русе | Хранилище | 2013-02-01 | Хранилище | 12.90 | 120000763346 | Цб ІІ 17686 | 120000763346 | 1 | 6.60 | Дост: Dp Вид: Д N: 42 Дата: 17.10.2011 | Книги | |
| Не е изгубен | Не е повреден | без рестрикции | заемане за дома | 216981 | Регионална библиотека "Любен Каравелов" Русе | Регионална библиотека "Любен Каравелов" Русе | Детски отдел | 2016-11-22 | Детски отдел | 10.06 | 120000805976 | ДН 949.72/Л 17 | 120000805976 | 2 | 5.14 | Дост: Pk Вид: Ф N: 749 Дата: 11.11.2016 | Книги |